[Event "Eastern Asia-ch U12 Girls"]
[Site "Tornelo INT"]
[Date "2021.10.23"]
[Round "6"]
[White "Yashvi, Jain"]
[Black "Wang, Xiao Jiao"]
[Result "0-1"]
[WhiteElo "1097"]
[BlackElo "1238"]
[PlyCount "110"]
[EventDate "2021.10.22"]
[EventType "swiss"]
[EventRounds "9"]
[EventCountry "NET"]
[SourceTitle "EXT 2023"]
[Source "ChessBase"]
[SourceDate "2022.10.05"]
[SourceVersion "1"]
[SourceVersionDate "2022.10.05"]
[SourceQuality "1"]

1. d4 Nf6 2. Nf3 g6 3. Bf4 Bg7 4. e3 d5 5. c4 c5 6. Nc3 0-0 7. Be2 Nc6 8. 0-0 Bg4 9. dxc5 dxc4 10. Bxc4 Qa5 11. Qb3 Bxf3 12. gxf3 Qxc5 13. Na4 Qh5 14. Be2 b6 15. Rac1 Na5 16. Qa3 e5 17. Bg3 Rad8 18. Nc3 Rd2 19. f4 Rxe2 20. Nxe2 Qxe2 21. fxe5 Ne4 22. b4 Nc4 23. Qa4 Ncd2 24. Rfd1 Nxg3 25. hxg3 Nf3+ 26. Kg2 Nxe5 27. Qxa7 Qf3+ 28. Kg1 Ng4 29. Rf1 Be5 30. Rc2 Rd8 31. Qxb6 Rd1 32. Qb5 h5 33. Qe2 Rxf1+ 34. Qxf1 Nxe3 35. fxe3 Qxg3+ 36. Kh1 Qh4+ 37. Kg1 Qg3+ 38. Rg2 Qxe3+ 39. Kh1 Qh3+ 40. Kg1 Bd4+ 41. Rf2 Qg4+ 42. Kh1 Bxf2 43. Qxf2 Qxb4 44. Qc2 h4 45. Qc8+ Kg7 46. Qc2 Qe1+ 47. Kh2 Qg3+ 48. Kh1 h3 49. a4 g5 50. Qb2+ f6 51. Qb7+ Kh6 52. Qb2 Qf3+ 53. Kh2 g4 54. Qc1+ Kh5 55. Qc5+ Kh4 0-1

[Event "Wch FIDE Online U12 Girls Asia qual"]
[Site "Tornelo INT"]
[Date "2020.12.12"]
[Round "3"]
[White "Wang, Xiao Jiao"]
[Black "Nurgaliyeva, Zarina"]
[Result "0-1"]
[WhiteElo "1238"]
[BlackElo "1861"]
[PlyCount "110"]
[EventDate "2020.12.11"]
[EventType "swiss (rapid)"]
[EventRounds "7"]
[EventCountry "ISS"]
[SourceTitle "EXT 2022"]
[Source "ChessBase"]
[SourceDate "2021.10.06"]
[SourceVersion "1"]
[SourceVersionDate "2021.10.06"]
[SourceQuality "1"]

1. Nf3 d5 2. c4 e6 3. g3 Nf6 4. Bg2 Be7 5. 0-0 0-0 6. b3 c5 7. Bb2 Nc6 8. d3 b6 9. Nbd2 Ba6 10. cxd5 exd5 11. a3 Qd7 12. Qc2 Rad8 13. Rfd1 h6 14. Rac1 Rc8 15. Qb1 Rfd8 16. Nf1 Qe6 17. Re1 Nd7 18. N3d2 Bf6 19. Ne3 Bxb2 20. Qxb2 Nf6 21. b4 cxb4 22. axb4 Bb5 23. Nb3 Ba4 24. Nc2 Kh8 25. Ra1 Bxb3 26. Qxb3 Qd6 27. b5 Na5 28. Qb2 Rc5 29. d4 Rc7 30. Ne3 Rdc8 31. Bh3 Re8 32. Nf5 Qd8 33. Ne3 Ne4 34. Ng2 Nc4 35. Qa2 Qf6 36. e3 Ncd2 37. Re2 Nf3+ 38. Kh1 Nc3 39. Qc2 Nxd4 40. Qd2 Ndxe2 41. f4 Ne4 42. Qxe2 Qxa1+ 43. Ne1 Rc1 44. Kg2 Rxe1 45. Qc2 Rg1+ 46. Kf3 Qd1+ 47. Qxd1 Rxd1 48. Bd7 Rd8 49. Bc6 Ra1 50. Bb7 Ra5 51. Bc6 a6 52. bxa6 Rxa6 53. Bb5 Ra2 54. Bd3 f5 55. Bxe4 dxe4# 0-1